|
|
|
|
| LEADER |
01288nam a2200265 a 4500 |
| 001 |
GR-MES610 |
| 008 |
991111s1996 gr 001 0 gre|c |
| 020 |
|
|
|a 9789605200268
|
| 040 |
|
|
|a GrPaTEI
|b gre
|c GR-PaULI
|
| 100 |
1 |
|
|a Kraynak, Joe.
|
| 240 |
1 |
0 |
|a 10 minute guide to PowerPoint for Windows 95.
|l Ελληνικά
|
| 245 |
1 |
0 |
|a Σε 10 λεπτά μαθαίνετε το PowerPoint για Windows 95 /
|c Joe Kraynak, Faithe Wempen ; απόδοση Μαίρη Γκλαβά.
|
| 260 |
|
|
|a Αθήνα :
|b Β. Γκιούρδας,
|c 1996.
|
| 300 |
|
|
|a xii, 193 σ. :
|b εικ. ;
|c 21 εκ.
|
| 500 |
|
|
|a Μετάφραση του: 10 minute guide to PowerPoint for Windows 95.
|
| 500 |
|
|
|a Περιλαμβάνει ευρετήριο.
|
| 630 |
0 |
0 |
|a Microsoft PowerPoint (Computer file)
|
| 650 |
|
0 |
|a Business presentations
|x Graphic methods
|x Computer programs.
|
| 650 |
|
0 |
|a Computer graphics.
|
| 700 |
1 |
|
|a Wempen, Faithe
|e συγγραφέας.
|
| 700 |
1 |
|
|a Γκλαβά, Μαίρη
|e μεταφράστρια.
|
| 942 |
|
|
|2 ddc
|
| 952 |
|
|
|0 0
|1 0
|2 ddc
|4 0
|6 005_300000000000000_KRA
|7 0
|9 263899
|a MSLG
|b MSLG
|c BSC
|d 2021-01-17
|e 24
|f 0
|g 0.00
|l 0
|o 005.3 KRA
|p 2420000006473
|r 2021-01-17 00:00:00
|t 1
|w 2021-01-17
|y BK15
|x 19991111 0 1
|x GrPaTEI
|
| 971 |
|
|
|a .b25716517
|b 15-04-20
|c 13-09-16
|
| 999 |
|
|
|c 151947
|d 151947
|